| 000 | 00469cam a2200193ua 4500 | ||
|---|---|---|---|
| 001 | 9078 | ||
| 005 | 20260515114426.0 | ||
| 008 | 150220n ii |||gr||||Z||||||asm | ||
| 040 | _cMAIN | ||
| 041 | _aasm | ||
| 082 | _a398.05416 | ||
| 100 |
_aSharma, N., Ch., _eAuthor. |
||
| 245 | 1 |
_aBharatar uttar-purbanchalar lok-sanskriti _cBy Nabin Chandra Sharma |
|
| 250 | _a1st. | ||
| 260 |
_aGuwahati: _bBani, _c2003. |
||
| 300 | _a248p. | ||
| 653 | _aFolklore | ||
| 942 | _cBK | ||
| 999 |
_c8161 _d8161 |
||